Smorfia napoletana - Quiz n°6 - Statistics

Statistiche generali
  • Questo quiz è stato fatto 51 volte
  • Il punteggio medio è 7 su 15
Statistiche sulle risposte
Hint Risposta % Corretto
L'Italia 1
97%
La paura 90
91%
Il sedere 16
66%
L'uomo di m***a 71
66%
I diavoli 77
59%
I seni 28
56%
Quella che guarda verso terra 6
53%
La donna nuda 21
50%
I fagioli 10
41%
L'uccellino 35
31%
Le anime del Purgatorio 85
31%
La mamma 52
28%
Il cappio al collo 39
19%
Il pacco 58
19%
La marsina 64
13%
Nessun quiz corrispondente trovato
Distribuzione punteggi
Percentuale di utenti per punteggio
Percentile per numero di risposta
I tuoi punteggi nel tempo
Non hai fatto questo quiz